ARRUPE JESUIT UNIVERSITY

CORONAVIRUS -STOP THE SPREAD - CLEAN,DISINFECT,COVER

Naming the powers : (Record no. 126243)

MARC details
000 -LEADER
fixed length control field 01019cam a2200277 a 4500
001 - CONTROL NUMBER
control field 935381
003 - CONTROL NUMBER IDENTIFIER
control field ARRUPE
005 - DATE AND TIME OF LATEST TRANSACTION
control field 20170228113611.0
008 - FIXED-LENGTH DATA ELEMENTS--GENERAL INFORMATION
fixed length control field 840419s1984 pau b 001 0 eng
010 ## - LIBRARY OF CONGRESS CONTROL NUMBER
LC control number 83048905
020 ## - INTERNATIONAL STANDARD BOOK NUMBER
International Standard Book Number 080061786X (pbk.)
040 ## - CATALOGING SOURCE
Original cataloging agency DLC
Transcribing agency DLC
Modifying agency DLC
050 00 - LIBRARY OF CONGRESS CALL NUMBER
Classification number BS2545.P66
Item number W56 1984 vol. 1
082 00 - DEWEY DECIMAL CLASSIFICATION NUMBER
Classification number 235 s
-- 235
Edition number 19
300 ## - PHYSICAL DESCRIPTION
Dimensions 23 cm.
100 1# - MAIN ENTRY--PERSONAL NAME
Personal name Wink, Walter.
9 (RLIN) 3517
245 10 - TITLE STATEMENT
Title Naming the powers :
Remainder of title the language of power in the New Testament /
Statement of responsibility, etc Walter Wink.
260 ## - PUBLICATION, DISTRIBUTION, ETC. (IMPRINT)
Place of publication, distribution, etc Philadelphia :
Name of publisher, distributor, etc Fortress Press,
Date of publication, distribution, etc c1984.
300 ## - PHYSICAL DESCRIPTION
Extent xv, 181 p. ;
490 1# - SERIES STATEMENT
Series statement The Powers ;
Volume number/sequential designation v. 1
504 ## - BIBLIOGRAPHY, ETC. NOTE
Bibliography, etc Includes bibliographical references and indexes.
630 00 - SUBJECT ADDED ENTRY--UNIFORM TITLE
Uniform title Bible.
Name of part/section of a work New Testament
General subdivision Criticism, interpretation, etc.
9 (RLIN) 29131
650 #0 - SUBJECT ADDED ENTRY--TOPICAL TERM
Topical term or geographic name as entry element Powers (Christian theology)
General subdivision Biblical teaching.
9 (RLIN) 3519
650 #0 - SUBJECT ADDED ENTRY--TOPICAL TERM
Topical term or geographic name as entry element Power (Christian theology)
General subdivision Biblical teaching.
9 (RLIN) 29132
800 1# - SERIES ADDED ENTRY--PERSONAL NAME
Personal name Wink, Walter.
Title of a work Powers ;
Volume/sequential designation v. 1.
9 (RLIN) 29133
906 ## - LOCAL DATA ELEMENT F, LDF (RLIN)
a 7
b cbc
c orignew
d 1
e ocip
f 19
g y-gencatlg
942 ## - ADDED ENTRY ELEMENTS (KOHA)
Source of classification or shelving scheme Library of Congress Classification
Koha item type Monograph ( Printed materials)
Holdings
Withdrawn status Lost status Source of classification or shelving scheme Damaged status Not for loan Collection code Home library Current library Shelving location Date acquired Total Checkouts Full call number Barcode Date last seen Date checked out Price effective from Koha item type
    Library of Congress Classification     Main Collection ARRUPE LIBRARY ARRUPE LIBRARY Main Collection 28/02/2017 2 BS2545.P66 W56 1984 vol. 1 46500025631 26/10/2021 19/05/2021 28/02/2017 Monograph ( Printed materials)

 

Arrupe Library. PO Box MP320 Mt Pleasant, Harare, Zimbabwe
263 242 745411|librarian@aju.ac.zw